Focus East Midlands industrial (Record no. 78391)
[ view plain ]
| 000 -LEADER | |
|---|---|
| fixed length control field | 00868cab a2200217 4500 |
| 001 - CONTROL NUMBER | |
| control field | L136647 |
| 008 - FIXED-LENGTH DATA ELEMENTS--GENERAL INFORMATION | |
| fixed length control field | 070213n2007 000 0 eng u |
| 035 ## - SYSTEM CONTROL NUMBER | |
| System control number | (Sirsi) u136647 |
| 041 0# - LANGUAGE CODE | |
| Language code of text/sound track or separate title | eng |
| 100 1# - MAIN ENTRY--PERSONAL NAME | |
| Personal name | Neale, Jon |
| 245 00 - TITLE STATEMENT | |
| Title | Focus East Midlands industrial |
| 260 ## - PUBLICATION, DISTRIBUTION, ETC. | |
| Date of publication, distribution, etc. | 2007 |
| 490 00 - SERIES STATEMENT | |
| Series statement | Estates Gazette |
| Volume/sequential designation | (0706) 10 February 2007, 133-153(11) |
| 520 ## - SUMMARY, ETC. | |
| Summary, etc. | Asks how the long-term future of the region will be affected if the East Midlands Regional Assembly's regional spatial strategy ignores the logistics sector. Reports on the resurgence in development of the region's major roads. Examines the impact of an emerging distribution corridor to the east on Northampton's shed sector dominance. |
| 590 ## - LOCAL NOTE (RLIN) | |
| Local note | KA |
| 651 #4 - SUBJECT ADDED ENTRY--GEOGRAPHIC NAME | |
| Geographic name | EAST MIDLANDS |
| 690 ## - LOCAL SUBJECT ADDED ENTRY--TOPICAL TERM (OCLC, RLIN) | |
| Topical term or geographic name as entry element | PROPERTY-INDUSTRIAL PROPERTY |
| 700 1# - ADDED ENTRY--PERSONAL NAME | |
| Personal name | Halstead, Ian |
| 700 1# - ADDED ENTRY--PERSONAL NAME | |
| Personal name | Jack, Simon |
| 942 ## - ADDED ENTRY ELEMENTS (KOHA) | |
| Suppress in OPAC | 0 |
| Withdrawn status | Lost status | Source of classification or shelving scheme | Damaged status | Not for loan | Home library | Current library | Shelving location | Date acquired | Total Checkouts | Full call number | Barcode | Date last seen | Copy number | Price effective from | Koha item type |
|---|---|---|---|---|---|---|---|---|---|---|---|---|---|---|---|
| Dewey Decimal Classification | London | London | Journal article | 13/02/2007 | L136647 | 136647-1001 | 06/08/2019 | 1 | 06/08/2019 | Journal article |